Diferenciácia a hodnotenie pracovníkov celoštátny kurz II.

Bibliographic Details
Corporate Author: Diferenciácia a hodnotenie pracovníkov (celoštátny kurz) Bratislava, Slovensko) (Author)
Format: Conference Proceeding Book
Language:Czech
PhysicalDescription:22 strán grafy, ilustrácie, schémy, tabuľky 30 cm
Published: Bratislava Dom techniky ČSVTS 1990
ISBN:802330058X
Edition:1. vyd.
Subjects:

MARC

LEADER 00000cam a2200000 a 4500
001 vtls001062382
003 SK-MaSNL
005 20260426010553.0
008 240226s1990 xo dal fr 100 s cze
015 |a SNBA1990/06 
020 |a 802330058X  |q (brožované) 
035 |a SNK000005210 
035 |a urn:nbn:sk:snk-amlqse 
035 |a urn:nbn:sk:snk-am00c14v 
035 |a DF645BCE-9942-491F-A17A-07736BDB29E3 
040 |a SNK  |b slo  |c SNK  |e AACR2 
041 0 |a cze 
043 |a e-xo--- 
044 |a xo  |c SK 
072 7 |a 005  |x Manažment. Riadenie  |2 konspekt 
072 7 |a 331  |x Práca  |2 konspekt 
072 7 |a 316.4  |x Sociálne procesy  |2 konspekt 
080 |a 316.4.063.2  |2 2011 
080 |a 005.962.131  |2 2011 
080 |a 316.48  |2 2011 
080 |a 37.091.33  |2 2011 
080 |a (042.3)  |2 2011 
080 |a (062.534)  |2 2011 
080 |a (437.611)  |2 2011 
111 2 |a Diferenciácia a hodnotenie pracovníkov (celoštátny kurz)  |d (1990 :  |c Bratislava, Slovensko)  |4 aut  |9 276724 
245 1 0 |a Diferenciácia a hodnotenie pracovníkov  |n II.  |b celoštátny kurz  |c [kolektív] 
250 |a 1. vyd. 
260 |a Bratislava  |b Dom techniky ČSVTS  |c 1990 
300 |a 22 strán  |b grafy, ilustrácie, schémy, tabuľky  |c 30 cm 
366 |e 210 kusov 
500 |a Rub titulnej strany slovensky 
521 |a Pre účastníkov podujatia a pre služobnú potrebu podnikov 
648 7 |a 1990  |2 SNKPH  |9 276735 
650 0 7 |a diferenciácia  |2 SNKPH  |9 49930 
650 0 7 |a hodnotenie pracovníkov  |2 SNKPH  |9 49962 
650 0 7 |a interpersonálne konflikty  |2 SNKPH  |9 4475 
650 0 7 |a kurzy  |2 SNKPH  |9 29103 
651 7 |a Bratislava (Slovensko)  |2 SNKPHgeo  |9 14568 
655 7 |a zborníky konferencií  |2 SNKPH  |9 70153 
655 7 |a prednášky  |2 SNKPH  |9 70554 
852 |a Slovenská národná knižnica 
919 |a 80-233-0058-X 
954 |a odborná, vedecká literatúra pôvodná (slovenská)  |2 lita 
958 |a RK 
958 |a TL 
958 |a OND 
958 |a ZB 
958 |a CZ 
958 |a EUIPO 
999 |c 1038375  |d 1040305 
952 |a SNK  |b SNK  |y PREZ  |7 0  |p 17A0859917  |o snkSB 46824/2  |i snkKSP 6347/90  |0 0  |1 0  |4 0  |d 2013-02-14  |f 1  |l 0  |r 2025-02-07 00:00:00  |w 2026-02-24